[Event "April 9 Late 2024"]
[Site "Chess.com"]
[Date "2024.04.09"]
[Round "2"]
[White "Da Silva, Erick Feitosa"]
[Black "Blanco Diez, David"]
[Result "1-0"]
[Board "166"]
[WhiteFideId "2155664"]
[BlackFideId "32032927"]
[BlackTitle "FM"]
[WhiteElo "2238"]
[BlackElo "2469"]
[WhiteTeam "BRA"]
[BlackTeam "ESP"]
[WhiteClock "0:00:03"]
[BlackClock "0:00:00"]
[Variant "Standard"]

1. c4 {[%clk 0:03:00]}  g6 {[%clk 0:02:56]} 2. Nc3 {[%clk 0:03:00]}  Bg7 {[%clk 0:02:57]} 3. d4 {[%clk 0:03:00]}  c5 {[%clk 0:02:57]} 4. d5 {[%clk 0:02:58]}  Bxc3+ {[%clk 0:02:58]} 5. bxc3 {[%clk 0:02:58]}  e5 {[%clk 0:02:59]} 6. e4 {[%clk 0:02:53]}  d6 {[%clk 0:02:58]} 7. Nf3 {[%clk 0:02:53]}  Qe7 {[%clk 0:02:59]} 8. Be2 {[%clk 0:02:54]}  Nd7 {[%clk 0:02:59]} 9. O-O {[%clk 0:02:54]}  Kd8 {[%clk 0:02:57]} 10. a4 {[%clk 0:02:52]}  a5 {[%clk 0:02:57]} 11. Rb1 {[%clk 0:02:51]}  Kc7 {[%clk 0:02:57]} 12. Ne1 {[%clk 0:02:45]}  g5 {[%clk 0:02:54]} 13. Nc2 {[%clk 0:02:42]}  b6 {[%clk 0:02:50]} 14. Na3 {[%clk 0:02:42]}  Ba6 {[%clk 0:02:49]} 15. Nb5+ {[%clk 0:02:41]}  Bxb5 {[%clk 0:02:50]} 16. Rxb5 {[%clk 0:02:38]}  Qf6 {[%clk 0:02:42]} 17. Bg4 {[%clk 0:02:38]}  Rb8 {[%clk 0:02:30]} 18. Qb3 {[%clk 0:02:31]}  Qe7 {[%clk 0:02:23]} 19. Bxd7 {[%clk 0:02:26]}  Qxd7 {[%clk 0:02:24]} 20. Bxg5 {[%clk 0:02:25]}  f6 {[%clk 0:02:22]} 21. Be3 {[%clk 0:02:24]}  Ne7 {[%clk 0:02:22]} 22. Rb1 {[%clk 0:02:23]}  Nc8 {[%clk 0:02:20]} 23. Qd1 {[%clk 0:02:23]}  h5 {[%clk 0:02:19]} 24. Qd2 {[%clk 0:02:21]}  Qg7 {[%clk 0:02:16]} 25. Qb2 {[%clk 0:02:03]}  h4 {[%clk 0:02:14]} 26. Rd1 {[%clk 0:02:02]}  h3 {[%clk 0:02:13]} 27. f3 {[%clk 0:02:02]}  hxg2 {[%clk 0:01:59]} 28. Qxg2 {[%clk 0:02:01]}  Qh7 {[%clk 0:02:00]} 29. Kh1 {[%clk 0:01:59]}  Na7 {[%clk 0:01:59]} 30. Rb2 {[%clk 0:01:54]}  Rbg8 {[%clk 0:02:00]} 31. Qf2 {[%clk 0:01:50]}  Qh3 {[%clk 0:01:42]} 32. Rdb1 {[%clk 0:01:46]}  Nc8 {[%clk 0:01:40]} 33. Qf1 {[%clk 0:01:31]}  Qd7 {[%clk 0:01:35]} 34. Rb5 {[%clk 0:01:27]}  Rh3 {[%clk 0:01:18]} 35. R1b2 {[%clk 0:01:25]}  Rgh8 {[%clk 0:01:14]} 36. Rg2 {[%clk 0:01:23]}  Qh7 {[%clk 0:00:58]} 37. Qg1 {[%clk 0:01:20]}  Qh5 {[%clk 0:00:58]} 38. Rg7+ {[%clk 0:01:12]}  Kb8 {[%clk 0:00:56]} 39. Rg2 {[%clk 0:00:56]}  Qxf3 {[%clk 0:00:48]} 40. Bf2 {[%clk 0:00:45]}  Qxe4 {[%clk 0:00:40]} 41. Rb2 {[%clk 0:00:29]}  Qxc4 {[%clk 0:00:27]} 42. Qb1 {[%clk 0:00:12]}  Qxd5 {[%clk 0:00:11]} 43. Bg1 {[%clk 0:00:12]}  Qc6 {[%clk 0:00:09]} 44. Rf2 {[%clk 0:00:08]}  R8h6 {[%clk 0:00:06]} 45. Qf5 {[%clk 0:00:07]}  Ne7 {[%clk 0:00:05]} 46. Qe6 {[%clk 0:00:05]}  Ng6 {[%clk 0:00:04]} 47. Rxf6 {[%clk 0:00:03]}  Nf4 {[%clk 0:00:00]} 48. Qg8+ {[%clk 0:00:03]} 1-0

[Event "April 9 Late 2024"]
[Site "Chess.com"]
[Date "2024.04.09"]
[Round "2"]
[White "Krzesaj, Robert"]
[Black "Guzman Lozano, Campo Elias"]
[Result "1-0"]
[Board "168"]
[WhiteFideId "1123521"]
[BlackFideId "4403746"]
[WhiteTitle "FM"]
[BlackTitle "CM"]
[WhiteElo "2467"]
[BlackElo "2235"]
[WhiteTeam "POL"]
[BlackTeam "COL"]
[WhiteClock "0:01:28"]
[BlackClock "0:00:25"]
[Variant "Standard"]

1. d4 {[%clk 0:03:00]}  Nf6 {[%clk 0:02:59]} 2. c4 {[%clk 0:02:59]}  g6 {[%clk 0:02:58]} 3. g3 {[%clk 0:02:59]}  d5 {[%clk 0:02:57]} 4. cxd5 {[%clk 0:02:58]}  Nxd5 {[%clk 0:02:55]} 5. e4 {[%clk 0:02:54]}  Nb6 {[%clk 0:02:54]} 6. Bg2 {[%clk 0:02:47]}  Bg7 {[%clk 0:02:54]} 7. Ne2 {[%clk 0:02:46]}  Nc6 {[%clk 0:02:53]} 8. d5 {[%clk 0:02:41]}  Ne5 {[%clk 0:02:46]} 9. h3 {[%clk 0:02:34]}  f5 {[%clk 0:02:42]} 10. Nbc3 {[%clk 0:02:23]}  O-O {[%clk 0:02:42]} 11. exf5 {[%clk 0:02:04]}  gxf5 {[%clk 0:02:38]} 12. O-O {[%clk 0:02:01]}  Kh8 {[%clk 0:02:38]} 13. Nd4 {[%clk 0:02:00]}  a6 {[%clk 0:02:25]} 14. Re1 {[%clk 0:01:59]}  Qd6 {[%clk 0:02:22]} 15. Bf4 {[%clk 0:01:58]}  Nbd7 {[%clk 0:02:09]} 16. Ne6 {[%clk 0:01:56]}  Rf7 {[%clk 0:01:51]} 17. Nxg7 {[%clk 0:01:56]}  Rxg7 {[%clk 0:01:49]} 18. Qe2 {[%clk 0:01:56]}  b5 {[%clk 0:01:32]} 19. Bxe5 {[%clk 0:01:55]}  Nxe5 {[%clk 0:01:31]} 20. Qxe5 {[%clk 0:01:55]}  Qb4 {[%clk 0:01:31]} 21. Ne2 {[%clk 0:01:30]}  Bd7 {[%clk 0:01:23]} 22. Nf4 {[%clk 0:01:29]}  Kg8 {[%clk 0:01:05]} 23. d6 {[%clk 0:01:29]}  Rc8 {[%clk 0:00:36]} 24. Ne6 {[%clk 0:01:28]}  Bxe6 {[%clk 0:00:25]} 25. Qxe6+ {[%clk 0:01:28]} 1-0

[Event "April 9 Late 2024"]
[Site "Chess.com"]
[Date "2024.04.09"]
[Round "2"]
[White "Da Silva, Giovanni B Tavares"]
[Black "Senft, Sean"]
[Result "0-1"]
[Board "169"]
[WhiteFideId "22743090"]
[BlackFideId "2044960"]
[WhiteElo "2235"]
[BlackElo "2465"]
[WhiteTeam "BRA"]
[BlackTeam "USA"]
[WhiteClock "0:01:04"]
[BlackClock "0:02:42"]
[Variant "Standard"]

1. e4 {[%clk 0:02:59]}  c5 {[%clk 0:02:58]} 2. Nf3 {[%clk 0:03:00]}  d6 {[%clk 0:02:59]} 3. d4 {[%clk 0:03:00]}  cxd4 {[%clk 0:03:00]} 4. Nxd4 {[%clk 0:03:01]}  Nf6 {[%clk 0:03:01]} 5. Nc3 {[%clk 0:03:01]}  a6 {[%clk 0:03:02]} 6. Be3 {[%clk 0:03:01]}  e5 {[%clk 0:03:02]} 7. Nb3 {[%clk 0:03:02]}  Be6 {[%clk 0:03:03]} 8. f3 {[%clk 0:03:03]}  Be7 {[%clk 0:03:03]} 9. Qd2 {[%clk 0:03:03]}  O-O {[%clk 0:03:04]} 10. O-O-O {[%clk 0:03:04]}  Nbd7 {[%clk 0:03:05]} 11. g4 {[%clk 0:03:05]}  b5 {[%clk 0:03:04]} 12. g5 {[%clk 0:03:05]}  b4 {[%clk 0:03:05]} 13. Ne2 {[%clk 0:03:04]}  Nh5 {[%clk 0:03:05]} 14. Ng3 {[%clk 0:03:05]}  a5 {[%clk 0:03:05]} 15. Nxh5 {[%clk 0:02:59]}  a4 {[%clk 0:03:06]} 16. Na1 {[%clk 0:02:53]}  Bxa2 {[%clk 0:03:07]} 17. Rg1 {[%clk 0:02:23]}  b3 {[%clk 0:03:04]} 18. Nf6+ {[%clk 0:02:17]}  Kh8 {[%clk 0:02:57]} 19. Nd5 {[%clk 0:02:06]}  bxc2 {[%clk 0:02:42]} 20. Nxc2 {[%clk 0:01:36]}  Rc8 {[%clk 0:02:41]} 21. Nxe7 {[%clk 0:01:31]}  Qxe7 {[%clk 0:02:42]} 22. Qxd6 {[%clk 0:01:28]}  Rxc2+ {[%clk 0:02:42]} 23. Kxc2 {[%clk 0:01:04]}  Rc8+ {[%clk 0:02:42]} 0-1

[Event "April 9 Late 2024"]
[Site "Chess.com"]
[Date "2024.04.09"]
[Round "2"]
[White "Ivanov, Aleksandr"]
[Black "Reprintsev, Alexander"]
[Result "0-1"]
[Board "171"]
[WhiteFideId "2092980"]
[BlackFideId "14100541"]
[BlackTitle "IM"]
[WhiteElo "2216"]
[BlackElo "2462"]
[WhiteTeam "USA"]
[BlackTeam "UKR"]
[WhiteClock "0:00:00"]
[BlackClock "0:00:42"]
[Variant "Standard"]

1. d4 {[%clk 0:03:00]}  d5 {[%clk 0:02:45]} 2. c4 {[%clk 0:03:00]}  e5 {[%clk 0:02:44]} 3. dxe5 {[%clk 0:02:59]}  d4 {[%clk 0:02:45]} 4. Nf3 {[%clk 0:02:59]}  Nc6 {[%clk 0:02:45]} 5. a3 {[%clk 0:02:58]}  g6 {[%clk 0:02:44]} 6. Nbd2 {[%clk 0:02:57]}  Bg7 {[%clk 0:02:42]} 7. Nb3 {[%clk 0:02:57]}  Nxe5 {[%clk 0:02:28]} 8. Nbxd4 {[%clk 0:02:36]}  Nxf3+ {[%clk 0:02:23]} 9. Nxf3 {[%clk 0:02:33]}  Qxd1+ {[%clk 0:02:22]} 10. Kxd1 {[%clk 0:02:33]}  Bg4 {[%clk 0:02:22]} 11. Bg5 {[%clk 0:02:12]}  h6 {[%clk 0:02:19]} 12. Bc1 {[%clk 0:01:58]}  O-O-O+ {[%clk 0:02:18]} 13. Kc2 {[%clk 0:01:56]}  Bf5+ {[%clk 0:02:16]} 14. Kb3 {[%clk 0:01:55]}  Nf6 {[%clk 0:02:16]} 15. Nd2 {[%clk 0:01:45]}  Nd7 {[%clk 0:02:10]} 16. f3 {[%clk 0:01:39]}  Nc5+ {[%clk 0:02:10]} 17. Ka2 {[%clk 0:01:29]}  Bc2 {[%clk 0:02:08]} 18. e4 {[%clk 0:00:43]}  a5 {[%clk 0:02:05]} 19. a4 {[%clk 0:00:40]}  Bxa4 {[%clk 0:01:49]} 20. Be2 {[%clk 0:00:38]}  Rd6 {[%clk 0:01:37]} 21. Bd1 {[%clk 0:00:37]}  Rhd8 {[%clk 0:01:36]} 22. Bxa4 {[%clk 0:00:37]}  Nxa4 {[%clk 0:01:36]} 23. Nb3 {[%clk 0:00:32]}  Rc6 {[%clk 0:01:24]} 24. Nxa5 {[%clk 0:00:28]}  Ra6 {[%clk 0:01:24]} 25. Kb3 {[%clk 0:00:21]}  Nc5+ {[%clk 0:01:13]} 26. Kc2 {[%clk 0:00:15]}  f5 {[%clk 0:00:58]} 27. exf5 {[%clk 0:00:13]}  gxf5 {[%clk 0:00:58]} 28. Bf4 {[%clk 0:00:12]}  Bxb2 {[%clk 0:00:52]} 29. Ra2 {[%clk 0:00:09]}  Bg7 {[%clk 0:00:50]} 30. Be3 {[%clk 0:00:00]}  Ne6 {[%clk 0:00:42]} 0-1

[Event "April 9 Late 2024"]
[Site "Chess.com"]
[Date "2024.04.09"]
[Round "2"]
[White "Novikova, Margarita"]
[Black "Zimmermann, Ulrich"]
[Result "0-1"]
[Board "176"]
[WhiteFideId "14109689"]
[BlackFideId "24654523"]
[WhiteTitle "WCM"]
[BlackTitle "FM"]
[WhiteElo "2203"]
[BlackElo "2452"]
[WhiteTeam "GER"]
[BlackTeam "GER"]
[WhiteClock "0:00:00"]
[BlackClock "0:00:29"]
[Variant "Standard"]

1. d4 {[%clk 0:02:58]}  Nf6 {[%clk 0:02:58]} 2. Bf4 {[%clk 0:02:57]}  e6 {[%clk 0:02:59]} 3. e3 {[%clk 0:02:55]}  c5 {[%clk 0:02:59]} 4. c3 {[%clk 0:02:52]}  b6 {[%clk 0:02:57]} 5. Be2 {[%clk 0:02:47]}  Bb7 {[%clk 0:02:56]} 6. Bf3 {[%clk 0:02:47]}  Qc8 {[%clk 0:02:55]} 7. Bxb7 {[%clk 0:02:45]}  Qxb7 {[%clk 0:02:56]} 8. Nf3 {[%clk 0:02:45]}  cxd4 {[%clk 0:02:54]} 9. exd4 {[%clk 0:02:38]}  Be7 {[%clk 0:02:39]} 10. O-O {[%clk 0:02:36]}  O-O {[%clk 0:02:39]} 11. Nbd2 {[%clk 0:02:35]}  b5 {[%clk 0:02:39]} 12. a4 {[%clk 0:02:20]}  b4 {[%clk 0:02:35]} 13. c4 {[%clk 0:02:19]}  d6 {[%clk 0:02:27]} 14. a5 {[%clk 0:02:12]}  Na6 {[%clk 0:02:20]} 15. Qb3 {[%clk 0:02:03]}  Rac8 {[%clk 0:02:18]} 16. Bg5 {[%clk 0:01:19]}  h6 {[%clk 0:02:15]} 17. Bh4 {[%clk 0:01:19]}  Rc7 {[%clk 0:01:55]} 18. h3 {[%clk 0:00:44]}  Rfc8 {[%clk 0:01:53]} 19. Bg3 {[%clk 0:00:43]}  Ne4 {[%clk 0:01:46]} 20. Nxe4 {[%clk 0:00:34]}  Qxe4 {[%clk 0:01:46]} 21. Rfe1 {[%clk 0:00:33]}  Qb7 {[%clk 0:01:38]} 22. Rac1 {[%clk 0:00:22]}  Rd7 {[%clk 0:01:31]} 23. Nd2 {[%clk 0:00:12]}  Nb8 {[%clk 0:01:26]} 24. Ne4 {[%clk 0:00:11]}  Nc6 {[%clk 0:01:23]} 25. Red1 {[%clk 0:00:10]}  Nxa5 {[%clk 0:01:21]} 26. Qa4 {[%clk 0:00:10]}  Nc6 {[%clk 0:01:21]} 27. d5 {[%clk 0:00:10]}  exd5 {[%clk 0:01:20]} 28. Rxd5 {[%clk 0:00:09]}  Rcd8 {[%clk 0:01:01]} 29. Rcd1 {[%clk 0:00:09]}  a6 {[%clk 0:00:51]} 30. Bxd6 {[%clk 0:00:05]}  Bxd6 {[%clk 0:00:49]} 31. Rxd6 {[%clk 0:00:05]}  Rxd6 {[%clk 0:00:47]} 32. Rxd6 {[%clk 0:00:04]}  Rxd6 {[%clk 0:00:46]} 33. Nxd6 {[%clk 0:00:05]}  Qd7 {[%clk 0:00:45]} 34. c5 {[%clk 0:00:05]}  a5 {[%clk 0:00:39]} 35. Qb5 {[%clk 0:00:04]}  Kh7 {[%clk 0:00:37]} 36. Qd3+ {[%clk 0:00:04]}  g6 {[%clk 0:00:37]} 37. Qf3 {[%clk 0:00:04]}  Ne5 {[%clk 0:00:33]} 38. Qf4 {[%clk 0:00:00]}  Qe6 {[%clk 0:00:29]} 0-1

[Event "April 9 Late 2024"]
[Site "Chess.com"]
[Date "2024.04.09"]
[Round "2"]
[White "Nunez Hirales, Juan Alejandro"]
[Black "Breuil, Tristan"]
[Result "0-1"]
[Board "178"]
[WhiteFideId "5108888"]
[BlackFideId "45163685"]
[BlackTitle "FM"]
[WhiteElo "2187"]
[BlackElo "2448"]
[WhiteTeam "MEX"]
[BlackTeam "FRA"]
[WhiteClock "0:00:00"]
[BlackClock "0:00:15"]
[Variant "Standard"]

1. d4 {[%clk 0:03:00]}  Nf6 {[%clk 0:02:58]} 2. Nc3 {[%clk 0:03:00]}  d5 {[%clk 0:02:50]} 3. Bf4 {[%clk 0:03:00]}  a6 {[%clk 0:02:42]} 4. e3 {[%clk 0:03:00]}  g6 {[%clk 0:02:41]} 5. h4 {[%clk 0:03:00]}  Bg7 {[%clk 0:02:41]} 6. h5 {[%clk 0:03:00]}  gxh5 {[%clk 0:01:41]} 7. Rxh5 {[%clk 0:02:50]}  Bg4 {[%clk 0:01:34]} 8. Be2 {[%clk 0:02:51]}  Nxh5 {[%clk 0:01:19]} 9. Bxg4 {[%clk 0:02:51]}  Nxf4 {[%clk 0:01:19]} 10. exf4 {[%clk 0:02:51]}  Nc6 {[%clk 0:01:20]} 11. Nf3 {[%clk 0:02:44]}  e6 {[%clk 0:01:17]} 12. Qd2 {[%clk 0:02:18]}  Qf6 {[%clk 0:01:11]} 13. O-O-O {[%clk 0:02:14]}  h5 {[%clk 0:01:10]} 14. Bh3 {[%clk 0:02:11]}  O-O-O {[%clk 0:00:58]} 15. Kb1 {[%clk 0:02:02]}  Kb8 {[%clk 0:00:51]} 16. Ne5 {[%clk 0:01:59]}  Nxe5 {[%clk 0:00:49]} 17. dxe5 {[%clk 0:01:44]}  Qe7 {[%clk 0:00:47]} 18. Ne2 {[%clk 0:01:37]}  c5 {[%clk 0:00:43]} 19. g3 {[%clk 0:01:33]}  f6 {[%clk 0:00:42]} 20. Qe3 {[%clk 0:01:15]}  h4 {[%clk 0:00:27]} 21. g4 {[%clk 0:01:03]}  Rdf8 {[%clk 0:00:27]} 22. c3 {[%clk 0:00:52]}  Qf7 {[%clk 0:00:27]} 23. exf6 {[%clk 0:00:42]}  Qxf6 {[%clk 0:00:21]} 24. g5 {[%clk 0:00:40]}  Qg6+ {[%clk 0:00:21]} 25. Ka1 {[%clk 0:00:36]}  Re8 {[%clk 0:00:21]} 26. Qxc5 {[%clk 0:00:34]}  Qc2 {[%clk 0:00:19]} 27. Re1 {[%clk 0:00:09]}  Qd2 {[%clk 0:00:19]} 28. Rf1 {[%clk 0:00:03]}  Qxe2 {[%clk 0:00:19]} 29. Qd6+ {[%clk 0:00:03]}  Ka8 {[%clk 0:00:19]} 30. Qc7 {[%clk 0:00:03]}  Qd3 {[%clk 0:00:15]} 31. Qxg7 {[%clk 0:00:00]}  Qxh3 {[%clk 0:00:15]} 0-1

[Event "April 9 Late 2024"]
[Site "Chess.com"]
[Date "2024.04.09"]
[Round "2"]
[White "Denis Denisenko"]
[Black "Coe, William"]
[Result "1-0"]
[Board "179"]
[WhiteFideId "4170652"]
[BlackFideId "30913624"]
[WhiteElo "2447"]
[BlackElo "2175"]
[BlackTeam "USA"]
[WhiteClock "0:00:06"]
[BlackClock "0:00:00"]
[Variant "Standard"]

1. d4 {[%clk 0:03:00]}  d5 {[%clk 0:02:59]} 2. Bf4 {[%clk 0:03:00]}  e6 {[%clk 0:02:59]} 3. e3 {[%clk 0:03:00]}  Nf6 {[%clk 0:03:00]} 4. Nf3 {[%clk 0:03:00]}  Bd6 {[%clk 0:03:00]} 5. Bg3 {[%clk 0:03:00]}  O-O {[%clk 0:02:59]} 6. Bd3 {[%clk 0:02:59]}  c5 {[%clk 0:03:00]} 7. c3 {[%clk 0:02:59]}  b6 {[%clk 0:02:59]} 8. Nbd2 {[%clk 0:02:59]}  Ba6 {[%clk 0:02:59]} 9. Bxa6 {[%clk 0:02:58]}  Nxa6 {[%clk 0:02:59]} 10. Qe2 {[%clk 0:02:58]}  Nb8 {[%clk 0:02:58]} 11. O-O {[%clk 0:02:57]}  Bxg3 {[%clk 0:02:57]} 12. hxg3 {[%clk 0:02:57]}  Nbd7 {[%clk 0:02:57]} 13. Rad1 {[%clk 0:02:57]}  Qc7 {[%clk 0:02:53]} 14. e4 {[%clk 0:02:55]}  dxe4 {[%clk 0:02:50]} 15. Nxe4 {[%clk 0:02:56]}  Nxe4 {[%clk 0:02:50]} 16. Qxe4 {[%clk 0:02:57]}  Nf6 {[%clk 0:02:50]} 17. Qe5 {[%clk 0:02:56]}  Rac8 {[%clk 0:02:46]} 18. dxc5 {[%clk 0:02:51]}  Qxc5 {[%clk 0:02:43]} 19. Qxc5 {[%clk 0:02:50]}  Rxc5 {[%clk 0:02:42]} 20. Rd4 {[%clk 0:02:49]}  g6 {[%clk 0:02:34]} 21. Rfd1 {[%clk 0:02:48]}  Kg7 {[%clk 0:02:33]} 22. c4 {[%clk 0:02:40]}  b5 {[%clk 0:02:29]} 23. cxb5 {[%clk 0:02:38]}  Rxb5 {[%clk 0:02:30]} 24. b3 {[%clk 0:02:37]}  Rc8 {[%clk 0:02:25]} 25. Ra4 {[%clk 0:02:35]}  Rb7 {[%clk 0:02:24]} 26. Rd2 {[%clk 0:02:26]}  h5 {[%clk 0:02:23]} 27. Kf1 {[%clk 0:02:25]}  Ng4 {[%clk 0:02:23]} 28. Ke2 {[%clk 0:02:20]}  Rc5 {[%clk 0:02:18]} 29. Rc4 {[%clk 0:02:16]}  Ra5 {[%clk 0:02:15]} 30. Rdc2 {[%clk 0:02:03]}  Ne5 {[%clk 0:02:12]} 31. Nxe5 {[%clk 0:02:02]}  Rxe5+ {[%clk 0:02:11]} 32. Kf3 {[%clk 0:02:01]}  Rf5+ {[%clk 0:02:10]} 33. Rf4 {[%clk 0:02:00]}  Rd5 {[%clk 0:02:07]} 34. Rfc4 {[%clk 0:01:56]}  Ra5 {[%clk 0:02:00]} 35. Ke3 {[%clk 0:01:54]}  Re5+ {[%clk 0:01:59]} 36. Re4 {[%clk 0:01:54]}  Ra5 {[%clk 0:01:59]} 37. f4 {[%clk 0:01:53]}  Rb6 {[%clk 0:01:52]} 38. Rec4 {[%clk 0:01:51]}  Rba6 {[%clk 0:01:52]} 39. a4 {[%clk 0:01:50]}  Rb6 {[%clk 0:01:51]} 40. R2c3 {[%clk 0:01:48]}  Rd5 {[%clk 0:01:50]} 41. Rd4 {[%clk 0:01:48]}  Rf5 {[%clk 0:01:45]} 42. b4 {[%clk 0:01:42]}  g5 {[%clk 0:01:41]} 43. b5 {[%clk 0:01:40]}  Kg6 {[%clk 0:01:29]} 44. Rdc4 {[%clk 0:01:10]}  Rd5 {[%clk 0:01:23]} 45. Rc6 {[%clk 0:01:07]}  gxf4+ {[%clk 0:01:07]} 46. gxf4 {[%clk 0:01:07]}  Kf5 {[%clk 0:01:01]} 47. Rc7 {[%clk 0:01:02]}  a6 {[%clk 0:00:54]} 48. R7c6 {[%clk 0:00:54]}  Rxc6 {[%clk 0:00:41]} 49. bxc6 {[%clk 0:00:53]}  Rd8 {[%clk 0:00:41]} 50. c7 {[%clk 0:00:54]}  Rc8 {[%clk 0:00:40]} 51. g3 {[%clk 0:00:52]}  Kf6 {[%clk 0:00:40]} 52. Ke4 {[%clk 0:00:52]}  Ke7 {[%clk 0:00:40]} 53. f5 {[%clk 0:00:46]}  f6 {[%clk 0:00:38]} 54. fxe6 {[%clk 0:00:46]}  Kxe6 {[%clk 0:00:38]} 55. a5 {[%clk 0:00:46]}  Ke7 {[%clk 0:00:31]} 56. Kf5 {[%clk 0:00:46]}  Kf7 {[%clk 0:00:31]} 57. Rc6 {[%clk 0:00:38]}  Ke7 {[%clk 0:00:27]} 58. Re6+ {[%clk 0:00:36]}  Kd7 {[%clk 0:00:26]} 59. Rxa6 {[%clk 0:00:33]}  Rxc7 {[%clk 0:00:26]} 60. Rxf6 {[%clk 0:00:25]}  Rc5+ {[%clk 0:00:23]} 61. Kg6 {[%clk 0:00:24]}  Rxa5 {[%clk 0:00:24]} 62. Rf5 {[%clk 0:00:24]}  Ra3 {[%clk 0:00:23]} 63. Rg5 {[%clk 0:00:25]}  h4 {[%clk 0:00:21]} 64. gxh4 {[%clk 0:00:22]}  Ke7 {[%clk 0:00:21]} 65. Rf5 {[%clk 0:00:19]}  Rg3+ {[%clk 0:00:19]} 66. Kh6 {[%clk 0:00:19]}  Ke6 {[%clk 0:00:19]} 67. Rf1 {[%clk 0:00:18]}  Ke7 {[%clk 0:00:19]} 68. h5 {[%clk 0:00:18]}  Ke6 {[%clk 0:00:19]} 69. Kh7 {[%clk 0:00:18]}  Ke7 {[%clk 0:00:19]} 70. h6 {[%clk 0:00:19]}  Ke6 {[%clk 0:00:19]} 71. Kh8 {[%clk 0:00:17]}  Ke7 {[%clk 0:00:19]} 72. h7 {[%clk 0:00:17]}  Rg2 {[%clk 0:00:19]} 73. Rf4 {[%clk 0:00:16]}  Rg5 {[%clk 0:00:18]} 74. Ra4 {[%clk 0:00:14]}  Kf7 {[%clk 0:00:16]} 75. Ra7+ {[%clk 0:00:13]}  Kf6 {[%clk 0:00:15]} 76. Ra8 {[%clk 0:00:12]}  Kf7 {[%clk 0:00:15]} 77. Rg8 {[%clk 0:00:09]}  Rh5 {[%clk 0:00:15]} 78. Rg3 {[%clk 0:00:08]}  Rh2 {[%clk 0:00:11]} 79. Rf3+ {[%clk 0:00:09]}  Kg6 {[%clk 0:00:07]} 80. Kg8 {[%clk 0:00:08]}  Ra2 {[%clk 0:00:02]} 81. Rg3+ {[%clk 0:00:06]}  Kf5 {[%clk 0:00:01]} 82. h8=Q {[%clk 0:00:06]}  Ra8+ {[%clk 0:00:01]} 83. Kh7 {[%clk 0:00:06]}  Ra7+ {[%clk 0:00:00]} 84. Rg7 {[%clk 0:00:06]} 1-0

[Event "April 9 Late 2024"]
[Site "Chess.com"]
[Date "2024.04.09"]
[Round "2"]
[White "Antunes, Luciano Justi"]
[Black "Dwilewicz, Katarzyna"]
[Result "1-0"]
[Board "180"]
[WhiteFideId "2126893"]
[BlackFideId "1148486"]
[BlackTitle "WFM"]
[WhiteElo "2136"]
[BlackElo "2445"]
[WhiteTeam "BRA"]
[BlackTeam "POL"]
[WhiteClock "0:00:22"]
[BlackClock "0:00:00"]
[Variant "Standard"]

1. e4 {[%clk 0:03:00]}  c5 {[%clk 0:02:59]} 2. Nf3 {[%clk 0:03:00]}  e6 {[%clk 0:02:59]} 3. d3 {[%clk 0:02:58]}  Nc6 {[%clk 0:02:59]} 4. g3 {[%clk 0:02:57]}  e5 {[%clk 0:02:59]} 5. Bg2 {[%clk 0:02:54]}  Nf6 {[%clk 0:02:59]} 6. O-O {[%clk 0:02:54]}  Be7 {[%clk 0:03:00]} 7. Nbd2 {[%clk 0:02:51]}  O-O {[%clk 0:03:00]} 8. Re1 {[%clk 0:02:51]}  h6 {[%clk 0:02:58]} 9. Nc4 {[%clk 0:02:50]}  d6 {[%clk 0:02:58]} 10. a4 {[%clk 0:02:47]}  Re8 {[%clk 0:02:58]} 11. Ne3 {[%clk 0:02:46]}  Bf8 {[%clk 0:02:57]} 12. Nf5 {[%clk 0:02:46]}  Bxf5 {[%clk 0:02:56]} 13. exf5 {[%clk 0:02:46]}  d5 {[%clk 0:02:55]} 14. h3 {[%clk 0:02:44]}  Qd7 {[%clk 0:02:39]} 15. g4 {[%clk 0:02:43]}  Rad8 {[%clk 0:02:39]} 16. b3 {[%clk 0:02:38]}  Qc7 {[%clk 0:01:58]} 17. Bb2 {[%clk 0:02:30]}  e4 {[%clk 0:01:29]} 18. Nh2 {[%clk 0:02:30]}  Qf4 {[%clk 0:01:22]} 19. Bxf6 {[%clk 0:02:20]}  gxf6 {[%clk 0:01:20]} 20. Nf1 {[%clk 0:02:20]}  Bd6 {[%clk 0:01:11]} 21. dxe4 {[%clk 0:02:11]}  dxe4 {[%clk 0:01:09]} 22. Qc1 {[%clk 0:01:58]}  e3 {[%clk 0:00:42]} 23. fxe3 {[%clk 0:01:47]}  Qe5 {[%clk 0:00:37]} 24. c3 {[%clk 0:01:24]}  Kg7 {[%clk 0:00:37]} 25. Qc2 {[%clk 0:01:17]}  Rh8 {[%clk 0:00:31]} 26. Rad1 {[%clk 0:01:13]}  Ne7 {[%clk 0:00:19]} 27. Bxb7 {[%clk 0:01:09]}  h5 {[%clk 0:00:18]} 28. Qe4 {[%clk 0:01:04]}  hxg4 {[%clk 0:00:12]} 29. Qxe5 {[%clk 0:00:51]}  fxe5 {[%clk 0:00:11]} 30. hxg4 {[%clk 0:00:49]}  Rh4 {[%clk 0:00:12]} 31. Bf3 {[%clk 0:00:45]}  Kf6 {[%clk 0:00:11]} 32. Ng3 {[%clk 0:00:40]}  Kg7 {[%clk 0:00:05]} 33. Nh5+ {[%clk 0:00:39]}  Kf8 {[%clk 0:00:05]} 34. e4 {[%clk 0:00:35]}  Ng8 {[%clk 0:00:04]} 35. Kg2 {[%clk 0:00:34]}  Be7 {[%clk 0:00:03]} 36. Rxd8+ {[%clk 0:00:32]}  Bxd8 {[%clk 0:00:04]} 37. Rd1 {[%clk 0:00:32]}  Ke8 {[%clk 0:00:02]} 38. Rd5 {[%clk 0:00:31]}  Be7 {[%clk 0:00:03]} 39. Rxe5 {[%clk 0:00:30]}  f6 {[%clk 0:00:03]} 40. Rd5 {[%clk 0:00:29]}  Nh6 {[%clk 0:00:04]} 41. Ng7+ {[%clk 0:00:26]}  Kf7 {[%clk 0:00:04]} 42. Ne6 {[%clk 0:00:25]}  Nxg4 {[%clk 0:00:04]} 43. Bxg4 {[%clk 0:00:24]}  Rxg4+ {[%clk 0:00:04]} 44. Kf3 {[%clk 0:00:25]}  Rg1 {[%clk 0:00:04]} 45. Rd7 {[%clk 0:00:24]}  Rc1 {[%clk 0:00:04]} 46. c4 {[%clk 0:00:23]}  Rxc4 {[%clk 0:00:00]} 47. bxc4 {[%clk 0:00:22]} 1-0